Cinderella 94

Bibliographic Details
Main Author: Ahadiat Akashah
Format: Book
Published: Kuala Lumpur : Melati Publishers , 1993
Subjects:

MARC

LEADER 00000cam a2200000 7i4500
001 0000006056
002 000006546
005 20000330.0
020 |a 9839806084 
090 0 0 |a F   |b AHA 
100 0 |a Ahadiat Akashah 
245 1 0 |a Cinderella 94   |c Ahadiat Akashah 
260 |a Kuala Lumpur :   |b Melati Publishers ,   |c 1993 
300 |a 165p. ;   |c 17cm. 
650 0 0 |a Love stories, Malay 
999 |a 038109   |b BUKU   |c FICTION   |e PERPUSTAKAAN KOMUNITI PETALING JAYA